ডক্টর মুহম্মদ শহীদুল্লাহ স্মারকগ্রন্থ / (Record no. 14975)

MARC details
000 -LEADER
fixed length control field 00760nam a22001937a 4500
001 - CONTROL NUMBER
control field BD-DhSAU 10026
003 - CONTROL NUMBER IDENTIFIER
control field BD-DhSAU
005 - DATE AND TIME OF LATEST TRANSACTION
control field 20200203121537.0
008 - FIXED-LENGTH DATA ELEMENTS--GENERAL INFORMATION
fixed length control field 150625b1985 bg ||||| |||| 00| 0 ben d
040 ## - CATALOGING SOURCE
Original cataloging agency BD-DhSAU
082 ## - DEWEY DECIMAL CLASSIFICATION NUMBER
Edition number 22
Classification number 928.9144
Item number খানমু
245 ## - TITLE STATEMENT
Title ডক্টর মুহম্মদ শহীদুল্লাহ স্মারকগ্রন্থ /
Statement of responsibility, etc. সম্পাদক শামসুজ্জামান খান
260 ## - PUBLICATION, DISTRIBUTION, ETC. (IMPRINT)
Place of publication, distribution, etc. ঢাকা :
Name of publisher, distributor, etc. বাংলা একাডেমী,
Date of publication, distribution, etc. ১৯৮৫.
300 ## - PHYSICAL DESCRIPTION
Extent ৬১৪ পৃ.:
Dimensions ২১ সেমি।
590 ## - Name of Cataloguer
Name of Cataloger erfat
650 ## - SUBJECT ADDED ENTRY--TOPICAL TERM
Topical term or geographic name as entry element স্মারকগ্রন্থ
700 ## - ADDED ENTRY--PERSONAL NAME
Personal name খান, শামসুজ্জামান
942 ## - ADDED ENTRY ELEMENTS (KOHA)
Source of classification or shelving scheme Dewey Decimal Classification
Koha item type Book

No items available.